France 2022 - Statistiques

Statistiques générales
  • Ce quiz a été pris 104 fois
  • Le résultat moyen est 23 sur 26
Statistiques - réponses
Par images Réponse % Correct
Hugo Lloris
100%
Benjamin Pavard
99%
Lucas Hernandez
96%
Raphaël Varane
96%
Steve Mandanda
96%
Théo Hernandez
96%
Alphonse Areola
95%
Antoine Griezmann
95%
Karim Benzema
95%
Kylian Mbappé
95%
Olivier Giroud
95%
Ousmane Dembélé
95%
Adrien Rabiot
91%
Kingsley Coman
90%
Jules Koundé
89%
Marcus Thuram
87%
Aurélien Tchouaméni
86%
Dayot Upamecano
86%
Eduardo Camavinga
86%
Randal Kolo Muani
85%
William Saliba
85%
Mattéo Guendouzi
83%
Ibrahima Konaté
70%
Jordan Veretout
65%
Axel Disasi
64%
Youssouf Fofana
59%
Aucun quiz correspondant
Distribution des résultats
% des personnes avec chaque résultat
Percentile par nombre de réponses
Votre historique - résultats
Vous n’avez pas pris ce quiz